[Event "Turniej Blitza na II Lidze Juniorów 2018"]
[Site "Szczyrk, Poland"]
[Date "2018.07.26"]
[Round "1.52"]
[White "Trzebinski, Patryk"]
[Black "Uliasz, Katarzyna"]
[Result "1-0"]
[TimeControl "3'+2\""]
[WhiteElo "1537"]
[BlackElo "1124"]

1. e4 {[%clk 00:03:03]} d5 {[%clk 00:03:04]} {[%emt 00:00:01]} 2. exd5 {[%clk
00:03:03]} {[%emt 00:00:01]} Qxd5 {[%clk 00:03:05]} {[%emt 00:00:01]} 3. Nc3
{[%clk 00:03:04]} Qd6 {[%clk 00:03:06]} {[%emt 00:00:02]} 4. Nf3 {[%clk
00:03:06]} {[%emt 00:00:01]} Nf6 {[%clk 00:03:07]} {[%emt 00:00:01]} 5. d4
{[%clk 00:03:06]} {[%emt 00:00:01]} c6 {[%clk 00:03:08]} 6. Be3 {[%clk
00:03:07]} {[%emt 00:00:02]} Bf5 {[%clk 00:03:09]} 7. Bd3 {[%clk 00:03:07]}
{[%emt 00:00:01]} e6 {[%clk 00:03:09]} {[%emt 00:00:02]} 8. Bxf5 {[%clk
00:03:07]} {[%emt 00:00:03]} exf5 {[%clk 00:03:09]} {[%emt 00:00:01]} 9. O-O
{[%clk 00:03:08]} {[%emt 00:00:01]} Nbd7 {[%clk 00:03:01]} {[%emt 00:00:11]} 10.
Qd2 {[%clk 00:03:03]} {[%emt 00:00:07]} h6 {[%clk 00:02:50]} {[%emt 00:00:12]}
11. Rad1 {[%clk 00:03:02]} {[%emt 00:00:03]} Qc7 {[%clk 00:02:47]} {[%emt
00:00:06]} 12. d5 {[%clk 00:03:01]} {[%emt 00:00:03]} cxd5 {[%clk 00:02:47]}
{[%emt 00:00:02]} 13. Bf4 {[%clk 00:02:56]} {[%emt 00:00:07]} Qb6 {[%clk
00:02:31]} {[%emt 00:00:18]} 14. Nxd5 {[%clk 00:02:52]} {[%emt 00:00:06]} Nxd5
{[%clk 00:02:30]} {[%emt 00:00:02]} 15. Qxd5 {[%clk 00:02:52]} {[%emt
00:00:01]} Nf6 {[%clk 00:02:13]} {[%emt 00:00:20]} 16. Rfe1+ {[%clk 00:02:50]}
{[%emt 00:00:04]} Be7 {[%clk 00:01:45]} {[%emt 00:00:30]} 17. Qxf5 {[%clk
00:02:50]} {[%emt 00:00:02]} Rd8 {[%clk 00:01:16]} {[%emt 00:00:30]} 18. Rxd8+
{[%clk 00:02:16]} {[%emt 00:00:37]} Qxd8 {[%clk 00:01:16]} {[%emt 00:00:02]} 19.
Qb5+ {[%emt 00:00:03]} Nd7 {[%clk 00:00:57]} {[%emt 00:00:20]} 20. Bd6 {[%clk
00:02:16]} {[%emt 00:00:03]} O-O {[%clk 00:00:46]} {[%emt 00:00:12]} 21. Bxe7
{[%clk 00:02:15]} {[%emt 00:00:03]} a6 {[%clk 00:00:27]} {[%emt 00:00:21]} 22.
Qd3 {[%clk 00:02:08]} {[%emt 00:00:07]} Qb6 {[%clk 00:00:10]} {[%emt 00:00:21]}
23. Bxf8 {[%clk 00:02:01]} {[%emt 00:00:09]} Nxf8 {[%clk 00:00:11]} {[%emt
00:00:01]} 24. Re8 {[%clk 00:01:52]} {[%emt 00:00:10]} Qxb2 {[%clk 00:00:06]}
{[%emt 00:00:08]} 25. Rxf8+ {[%clk 00:01:49]} {[%emt 00:00:05]} Kxf8 {[%clk
00:00:05]} {[%emt 00:00:08]} 26. Qd8# {[%clk 00:01:49]} {[%emt 00:00:01]} 1-0

[Event "Turniej Blitza na II Lidze Juniorów 2018"]
[Site "Szczyrk, Poland"]
[Date "2018.07.26"]
[Round "1.33"]
[White "Kucza, Kamil"]
[Black "Huchwajda, Katarzyna"]
[Result "1/2-1/2"]
[TimeControl "3'+2\""]
[WhiteElo "1208"]
[BlackElo "1690"]

1. e4 {[%clk 00:03:02]} {[%emt 00:00:03]} c5 {[%clk 00:03:03]} {[%emt
00:00:02]} 2. Nc3 {[%clk 00:03:00]} {[%emt 00:00:03]} e6 {[%clk 00:03:04]}
{[%emt 00:00:01]} 3. d3 {[%clk 00:03:00]} {[%emt 00:00:02]} Nc6 {[%clk
00:03:04]} {[%emt 00:00:02]} 4. Bf4 {[%clk 00:03:01]} {[%emt 00:00:01]} d6
{[%clk 00:02:59]} {[%emt 00:00:07]} 5. Be2 {[%clk 00:02:59]} {[%emt 00:00:03]}
Nf6 {[%clk 00:03:00]} {[%emt 00:00:01]} 6. Nf3 {[%clk 00:02:59]} {[%emt
00:00:03]} Be7 {[%clk 00:03:01]} {[%emt 00:00:01]} 7. O-O {[%clk 00:02:59]}
{[%emt 00:00:02]} O-O {[%clk 00:03:01]} {[%emt 00:00:02]} 8. h3 {[%clk
00:03:00]} d5 {[%clk 00:02:58]} {[%emt 00:00:06]} 9. exd5 {[%clk 00:03:01]}
{[%emt 00:00:01]} exd5 {[%clk 00:02:58]} 10. a3 {[%clk 00:02:59]} {[%emt
00:00:05]} Be6 {[%clk 00:02:59]} {[%emt 00:00:02]} 11. Re1 {[%clk 00:02:59]}
{[%emt 00:00:02]} Re8 {[%clk 00:02:56]} {[%emt 00:00:04]} 12. Nb5 {[%clk
00:02:56]} {[%emt 00:00:05]} Rc8 {[%clk 00:02:54]} {[%emt 00:00:04]} 13. d4
{[%clk 00:02:46]} {[%emt 00:00:13]} a6 {[%clk 00:02:51]} {[%emt 00:00:04]} 14.
Nc3 {[%clk 00:02:47]} {[%emt 00:00:01]} cxd4 {[%clk 00:02:48]} {[%emt
00:00:05]} 15. Nxd4 {[%clk 00:02:47]} {[%emt 00:00:02]} Nxd4 {[%clk 00:02:49]}
16. Qxd4 {[%clk 00:02:47]} {[%emt 00:00:02]} Bc5 {[%clk 00:02:48]} {[%emt
00:00:03]} 17. Qd2 {[%clk 00:02:45]} {[%emt 00:00:03]} Qb6 {[%clk 00:02:37]}
{[%emt 00:00:13]} 18. Be3 {[%clk 00:02:42]} {[%emt 00:00:06]} Bxe3 {[%clk
00:02:36]} {[%emt 00:00:02]} 19. Qxe3 {[%clk 00:02:43]} {[%emt 00:00:02]} Qxe3
{[%clk 00:02:36]} {[%emt 00:00:03]} 20. fxe3 {[%clk 00:02:43]} {[%emt
00:00:02]} Bf5 {[%clk 00:02:33]} {[%emt 00:00:03]} 21. Bd3 {[%clk 00:02:41]}
{[%emt 00:00:05]} Bg6 {[%clk 00:02:17]} {[%emt 00:00:19]} 22. Bxg6 {[%clk
00:02:32]} {[%emt 00:00:10]} hxg6 {[%clk 00:02:17]} {[%emt 00:00:02]} 23. g3
{[%clk 00:02:29]} {[%emt 00:00:04]} Re7 {[%clk 00:02:18]} {[%emt 00:00:03]} 24.
Re2 {[%clk 00:02:29]} {[%emt 00:00:02]} Rce8 {[%clk 00:02:18]} 25. Rae1 {[%clk
00:02:29]} {[%emt 00:00:01]} b5 {[%clk 00:02:14]} {[%emt 00:00:07]} 26. b4
{[%clk 00:02:29]} {[%emt 00:00:02]} Rc8 {[%clk 00:02:12]} {[%emt 00:00:03]} 27.
Nb1 {[%clk 00:02:26]} {[%emt 00:00:05]} Ne4 {[%clk 00:02:12]} {[%emt 00:00:02]}
28. Kg2 {[%clk 00:02:23]} {[%emt 00:00:06]} Nc3 {[%clk 00:02:12]} {[%emt
00:00:02]} 29. Nxc3 {[%clk 00:02:22]} {[%emt 00:00:03]} Rxc3 {[%clk 00:02:12]}
{[%emt 00:00:01]} 30. e4 {[%clk 00:02:21]} {[%emt 00:00:03]} dxe4 {[%clk
00:02:10]} {[%emt 00:00:05]} 31. Rxe4 {[%clk 00:02:22]} {[%emt 00:00:01]} Rxc2+
{[%clk 00:02:03]} {[%emt 00:00:09]} 32. Kf3 {[%clk 00:02:20]} {[%emt 00:00:03]}
Rc3+ {[%clk 00:02:00]} {[%emt 00:00:05]} 33. R1e3 {[%clk 00:02:21]} {[%emt
00:00:02]} Rxe4 {[%clk 00:01:47]} {[%emt 00:00:15]} 34. Rxc3 {[%emt 00:00:08]}
Re6 {[%clk 00:01:46]} {[%emt 00:00:02]} 35. g4 {[%clk 00:02:15]} {[%emt
00:00:03]} g5 {[%clk 00:01:43]} {[%emt 00:00:04]} 36. Rc8+ {[%clk 00:02:15]}
{[%emt 00:00:03]} Kh7 {[%clk 00:01:44]} {[%emt 00:00:01]} 37. Rc3 {[%clk
00:02:13]} {[%emt 00:00:04]} Kg6 {[%clk 00:01:43]} {[%emt 00:00:03]} 38. Rd3
{[%clk 00:02:12]} {[%emt 00:00:03]} f6 {[%clk 00:01:42]} {[%emt 00:00:02]} 39.
Rc3 {[%clk 00:02:10]} {[%emt 00:00:05]} Rd6 {[%clk 00:01:41]} {[%emt 00:00:03]}
40. Kg3 {[%clk 00:02:07]} {[%emt 00:00:05]} Rd1 {[%clk 00:01:41]} {[%emt
00:00:02]} 41. Kf2 {[%clk 00:02:01]} {[%emt 00:00:06]} Rd6 {[%clk 00:01:36]}
{[%emt 00:00:09]} 42. Kf3 {[%clk 00:02:02]} {[%emt 00:00:02]} f5 {[%clk
00:01:33]} {[%emt 00:00:05]} 43. gxf5+ {[%clk 00:01:59]} {[%emt 00:00:04]} Kxf5
{[%clk 00:01:33]} {[%emt 00:00:01]} 44. Rc5+ {[%clk 00:02:00]} {[%emt
00:00:02]} Kg6 {[%clk 00:01:34]} {[%emt 00:00:01]} 45. Rc3 {[%clk 00:02:01]}
{[%emt 00:00:01]} Kh5 {[%clk 00:01:33]} {[%emt 00:00:03]} 46. Kg3 {[%clk
00:02:01]} {[%emt 00:00:02]} Kg6 {[%clk 00:01:28]} {[%emt 00:00:07]} 47. Kf3
{[%clk 00:02:01]} {[%emt 00:00:02]} a5 {[%clk 00:01:21]} {[%emt 00:00:10]} 48.
bxa5 {[%clk 00:01:42]} {[%emt 00:00:21]} Ra6 {[%clk 00:01:22]} 49. Rb3 {[%clk
00:01:42]} {[%emt 00:00:02]} Rxa5 {[%clk 00:01:22]} {[%emt 00:00:02]} 50. Kg4
{[%clk 00:01:41]} {[%emt 00:00:02]} Ra4+ {[%clk 00:01:22]} {[%emt 00:00:03]} 51.
Kf3 {[%clk 00:01:42]} Rh4 {[%clk 00:01:14]} {[%emt 00:00:10]} 52. Kg3 {[%clk
00:01:42]} {[%emt 00:00:02]} Rc4 {[%clk 00:01:11]} {[%emt 00:00:04]} 53. Rxb5
{[%clk 00:01:38]} {[%emt 00:00:06]} Rc3+ {[%clk 00:01:12]} {[%emt 00:00:01]} 54.
Kg4 {[%clk 00:01:38]} {[%emt 00:00:03]} Rc4+ {[%clk 00:01:12]} {[%emt
00:00:03]} 55. Kg3 {[%clk 00:01:38]} {[%emt 00:00:01]} Rc3+ {[%clk 00:01:13]}
56. Kg4 {[%clk 00:01:39]} Rc4+ {[%clk 00:01:13]} {[%emt 00:00:02]} 1/2-1/2

[Event "Turniej Blitza na II Lidze Juniorów 2018"]
[Site "Szczyrk, Poland"]
[Date "2018.07.26"]
[Round "1.1"]
[White "Binek, Dawid"]
[Black "Piesik, Piotr"]
[Result "0-1"]
[TimeControl "3'+2\""]
[BlackTitle "FM"]
[WhiteElo "1353"]
[BlackElo "2305"]

1. Nf3 {[%clk 00:03:03]} g6 {[%clk 00:03:03]} {[%emt 00:00:02]} 2. d4 Bg7
{[%emt 00:00:01]} 3. c4 {[%clk 00:03:04]} d6 {[%clk 00:03:05]} {[%emt
00:00:02]} 4. Nc3 {[%clk 00:03:05]} Nd7 {[%clk 00:03:06]} {[%emt 00:00:01]} 5.
g3 {[%clk 00:03:05]} {[%emt 00:00:01]} e5 {[%clk 00:03:07]} {[%emt 00:00:01]} 6.
e3 {[%clk 00:03:02]} {[%emt 00:00:05]} Ngf6 {[%clk 00:03:08]} {[%emt 00:00:01]}
7. Bg2 {[%clk 00:03:03]} {[%emt 00:00:02]} O-O {[%clk 00:03:08]} {[%emt
00:00:01]} 8. O-O {[%clk 00:03:02]} {[%emt 00:00:03]} Re8 {[%clk 00:03:09]}
{[%emt 00:00:02]} 9. b3 {[%clk 00:03:00]} {[%emt 00:00:04]} c6 {[%clk
00:03:03]} {[%emt 00:00:08]} 10. Bb2 {[%clk 00:02:58]} {[%emt 00:00:04]} Qc7
{[%clk 00:02:50]} {[%emt 00:00:15]} 11. Qc2 {[%clk 00:02:41]} {[%emt 00:00:19]}
Nf8 {[%clk 00:02:46]} {[%emt 00:00:06]} 12. Rad1 {[%clk 00:02:24]} {[%emt
00:00:19]} Bf5 {[%clk 00:02:46]} {[%emt 00:00:02]} 13. Qc1 {[%clk 00:02:13]}
{[%emt 00:00:12]} Ne4 {[%clk 00:02:31]} {[%emt 00:00:17]} 14. Nxe4 {[%clk
00:02:04]} {[%emt 00:00:12]} Bxe4 {[%clk 00:02:32]} {[%emt 00:00:01]} 15. Ne1
{[%clk 00:02:03]} {[%emt 00:00:02]} Bxg2 {[%clk 00:02:30]} {[%emt 00:00:04]} 16.
Nxg2 {[%clk 00:02:04]} Ne6 {[%clk 00:02:20]} {[%emt 00:00:13]} 17. Rfe1 {[%clk
00:01:48]} {[%emt 00:00:17]} Ng5 {[%clk 00:02:14]} {[%emt 00:00:08]} 18. Kh1
{[%clk 00:01:16]} {[%emt 00:00:35]} Nf3 {[%clk 00:02:12]} {[%emt 00:00:04]} 19.
Re2 {[%clk 00:01:12]} {[%emt 00:00:06]} Qd7 {[%clk 00:02:10]} {[%emt 00:00:04]}
20. dxe5 {[%clk 00:01:05]} {[%emt 00:00:09]} Qh3 {[%emt 00:00:03]} 0-1

[Event "Turniej Blitza na II Lidze Juniorów 2018"]
[Site "Szczyrk, Poland"]
[Date "2018.07.26"]
[Round "1.39"]
[White "Trzebinski, Sylwester"]
[Black "Krzyzosiak, Anna"]
[Result "0-1"]
[TimeControl "3'+2\""]
[WhiteElo "1182"]
[BlackElo "1596"]

1. e4 {[%clk 00:03:01]} {[%emt 00:00:03]} e5 {[%clk 00:03:03]} {[%emt
00:00:01]} 2. Nf3 {[%clk 00:03:01]} {[%emt 00:00:01]} Nc6 {[%clk 00:03:04]}
{[%emt 00:00:02]} 3. d4 {[%clk 00:03:01]} {[%emt 00:00:02]} exd4 {[%clk
00:03:05]} {[%emt 00:00:01]} 4. Nxd4 {[%clk 00:03:02]} Bc5 {[%clk 00:03:06]}
{[%emt 00:00:02]} 5. Bc4 {[%clk 00:03:02]} {[%emt 00:00:01]} Nxd4 {[%clk
00:03:04]} {[%emt 00:00:04]} 6. Be3 {[%clk 00:02:57]} {[%emt 00:00:07]} Qf6
{[%clk 00:02:50]} {[%emt 00:00:16]} 7. Bxd4 {[%clk 00:02:48]} {[%emt 00:00:11]}
Qxd4 {[%clk 00:02:48]} {[%emt 00:00:04]} 8. Qxd4 {[%clk 00:02:45]} {[%emt
00:00:05]} Bxd4 {[%clk 00:02:49]} {[%emt 00:00:01]} 9. c3 {[%clk 00:02:40]}
{[%emt 00:00:07]} Bb6 {[%clk 00:02:49]} {[%emt 00:00:02]} 10. O-O {[%clk
00:02:40]} {[%emt 00:00:03]} d6 {[%clk 00:02:49]} {[%emt 00:00:01]} 11. Nd2
{[%clk 00:02:30]} {[%emt 00:00:11]} Nf6 {[%clk 00:02:48]} {[%emt 00:00:04]} 12.
Kh1 {[%clk 00:02:27]} {[%emt 00:00:05]} Ng4 {[%clk 00:02:28]} {[%emt 00:00:22]}
13. Nf3 {[%clk 00:02:11]} {[%emt 00:00:18]} Nxf2+ {[%clk 00:02:25]} {[%emt
00:00:05]} 14. Rxf2 {[%clk 00:02:11]} {[%emt 00:00:03]} Bxf2 {[%clk 00:02:25]}
{[%emt 00:00:02]} 15. Ng5 {[%clk 00:02:12]} {[%emt 00:00:01]} Be6 {[%clk
00:01:59]} {[%emt 00:00:28]} 16. Bxe6 {[%clk 00:02:09]} {[%emt 00:00:04]} fxe6
{[%clk 00:01:59]} {[%emt 00:00:02]} 17. Rf1 {[%clk 00:02:09]} Bb6 {[%clk
00:01:55]} {[%emt 00:00:06]} 18. Rf7 {[%clk 00:02:05]} {[%emt 00:00:07]} Rf8
{[%clk 00:01:44]} {[%emt 00:00:13]} 19. Rxf8+ {[%clk 00:01:59]} {[%emt
00:00:07]} Kxf8 {[%clk 00:01:45]} {[%emt 00:00:02]} 20. Nxh7+ {[%clk 00:01:59]}
{[%emt 00:00:02]} Kg8 {[%clk 00:01:45]} {[%emt 00:00:02]} 21. Ng5 {[%clk
00:02:00]} {[%emt 00:00:01]} Rf8 {[%clk 00:01:40]} {[%emt 00:00:07]} 22. h4
{[%clk 00:02:01]} {[%emt 00:00:01]} e5 {[%clk 00:01:40]} {[%emt 00:00:03]} 23.
Kh2 {[%clk 00:02:01]} {[%emt 00:00:01]} Rf2 {[%clk 00:01:39]} {[%emt 00:00:03]}
24. Kg3 {[%clk 00:02:01]} {[%emt 00:00:02]} Rxb2 {[%clk 00:01:39]} {[%emt
00:00:03]} 25. h5 {[%clk 00:01:59]} {[%emt 00:00:03]} Rxa2 {[%clk 00:01:36]}
{[%emt 00:00:06]} 26. Kg4 {[%clk 00:01:58]} {[%emt 00:00:02]} Rxg2+ {[%clk
00:01:36]} {[%emt 00:00:03]} 27. Kf5 {[%clk 00:01:59]} Rxg5+ {[%clk 00:01:31]}
{[%emt 00:00:06]} 28. Kxg5 {[%clk 00:01:59]} {[%emt 00:00:02]} a5 {[%clk
00:01:29]} {[%emt 00:00:04]} 29. Kf5 {[%clk 00:01:59]} {[%emt 00:00:02]} a4
{[%clk 00:01:30]} {[%emt 00:00:01]} 30. Ke6 {[%clk 00:01:59]} {[%emt 00:00:02]}
a3 {[%clk 00:01:31]} 31. Kd7 {[%clk 00:01:59]} {[%emt 00:00:02]} a2 {[%clk
00:01:32]} 32. Kc8 {[%clk 00:02:00]} {[%emt 00:00:01]} a1=Q {[%clk 00:01:31]}
{[%emt 00:00:03]} 33. Kxb7 {[%clk 00:02:00]} {[%emt 00:00:02]} Qxc3 {[%clk
00:01:31]} {[%emt 00:00:03]} 34. h6 {[%clk 00:01:58]} {[%emt 00:00:03]} gxh6
{[%clk 00:01:31]} {[%emt 00:00:02]} 35. Kc8 {[%clk 00:01:56]} {[%emt 00:00:04]}
h5 {[%clk 00:01:31]} {[%emt 00:00:02]} 36. Kd7 {[%clk 00:01:56]} {[%emt
00:00:02]} h4 {[%clk 00:01:29]} {[%emt 00:00:04]} 37. Ke6 {[%clk 00:01:56]}
{[%emt 00:00:02]} h3 {[%clk 00:01:30]} {[%emt 00:00:02]} 38. Kf5 {[%clk
00:01:55]} {[%emt 00:00:02]} h2 {[%clk 00:01:28]} {[%emt 00:00:03]} 39. Kg4
{[%clk 00:01:54]} {[%emt 00:00:04]} h1=R {[%clk 00:01:27]} {[%emt 00:00:04]} 40.
Kf5 {[%clk 00:01:52]} {[%emt 00:00:03]} Qc4 {[%clk 00:01:26]} {[%emt 00:00:03]}
41. Kg4 {[%clk 00:01:50]} {[%emt 00:00:03]} Qf7 {[%clk 00:01:24]} {[%emt
00:00:05]} 42. Kg5 {[%clk 00:01:50]} {[%emt 00:00:02]} Rg1+ {[%clk 00:01:24]}
{[%emt 00:00:03]} 43. Kh4 {[%clk 00:01:48]} {[%emt 00:00:03]} Qh7# {[%clk
00:01:24]} {[%emt 00:00:01]} 0-1

[Event "Turniej Blitza na II Lidze Juniorów 2018"]
[Site "Szczyrk, Poland"]
[Date "2018.07.26"]
[Round "1.9"]
[White "Majewski, Krzysztof"]
[Black "Klepek, Witold"]
[Result "0-1"]
[TimeControl "3'+2\""]
[WhiteElo "1323"]
[BlackElo "2035"]

1. e4 {[%clk 00:03:04]} {[%emt 00:00:54]} e6 {[%clk 00:03:03]} {[%emt
00:00:01]} 2. d4 {[%clk 00:03:03]} {[%emt 00:00:03]} d5 {[%clk 00:03:04]}
{[%emt 00:00:01]} 3. e5 {[%clk 00:03:04]} c5 4. c3 Nc6 {[%clk 00:03:07]} 5. a3
{[%clk 00:03:03]} {[%emt 00:00:05]} Bd7 {[%clk 00:03:04]} {[%emt 00:00:05]} 6.
Nf3 {[%clk 00:02:49]} {[%emt 00:00:15]} Nge7 {[%clk 00:03:04]} {[%emt
00:00:03]} 7. Be3 {[%clk 00:02:37]} {[%emt 00:00:14]} cxd4 {[%clk 00:03:02]}
{[%emt 00:00:03]} 8. cxd4 {[%clk 00:02:37]} {[%emt 00:00:02]} Nf5 {[%clk
00:03:03]} 9. Nc3 {[%clk 00:02:36]} {[%emt 00:00:04]} Rc8 {[%clk 00:02:53]}
{[%emt 00:00:12]} 10. Bd3 {[%clk 00:02:33]} {[%emt 00:00:06]} Nxe3 {[%clk
00:02:35]} {[%emt 00:00:19]} 11. fxe3 {[%clk 00:02:33]} {[%emt 00:00:02]} Be7
{[%clk 00:02:23]} {[%emt 00:00:14]} 12. O-O {[%clk 00:02:32]} {[%emt 00:00:03]}
Na5 {[%clk 00:02:24]} {[%emt 00:00:02]} 13. Rc1 {[%clk 00:02:24]} {[%emt
00:00:10]} Qb6 {[%clk 00:02:20]} {[%emt 00:00:06]} 14. b4 {[%clk 00:02:19]}
{[%emt 00:00:07]} Nc4 {[%clk 00:02:20]} {[%emt 00:00:02]} 15. Bxc4 {[%clk
00:02:19]} {[%emt 00:00:01]} Rxc4 {[%clk 00:02:18]} {[%emt 00:00:04]} 16. Nd2
{[%clk 00:02:12]} {[%emt 00:00:10]} Rc8 {[%clk 00:02:15]} {[%emt 00:00:04]} 17.
Qf3 {[%clk 00:02:09]} {[%emt 00:00:06]} O-O {[%clk 00:02:09]} {[%emt 00:00:08]}
18. Nb3 {[%clk 00:01:57]} {[%emt 00:00:14]} Bb5 {[%clk 00:02:05]} {[%emt
00:00:06]} 19. Nxb5 {[%clk 00:01:50]} {[%emt 00:00:09]} Qxb5 {[%clk 00:02:06]}
{[%emt 00:00:01]} 20. Qd1 {[%clk 00:01:39]} {[%emt 00:00:13]} f5 {[%clk
00:01:51]} {[%emt 00:00:17]} 21. Nc5 {[%clk 00:01:30]} {[%emt 00:00:11]} Bxc5
{[%clk 00:01:46]} {[%emt 00:00:06]} 22. Rxc5 {[%clk 00:01:30]} {[%emt
00:00:03]} Rxc5 {[%clk 00:01:45]} {[%emt 00:00:03]} 23. bxc5 {[%clk 00:01:26]}
{[%emt 00:00:05]} Qa5 {[%clk 00:01:44]} {[%emt 00:00:03]} 24. Qb3 {[%clk
00:01:23]} {[%emt 00:00:04]} Rf7 {[%clk 00:01:34]} {[%emt 00:00:13]} 25. Qb4
{[%clk 00:01:21]} {[%emt 00:00:04]} Qa6 {[%clk 00:01:34]} {[%emt 00:00:03]} 26.
a4 {[%clk 00:01:08]} {[%emt 00:00:15]} Qd3 {[%clk 00:01:31]} {[%emt 00:00:05]}
27. Re1 {[%clk 00:01:08]} {[%emt 00:00:01]} g5 {[%clk 00:01:26]} {[%emt
00:00:06]} 28. Qb5 {[%clk 00:00:54]} {[%emt 00:00:17]} Qd2 {[%clk 00:01:27]}
{[%emt 00:00:01]} 29. Qe2 {[%clk 00:00:55]} Qb4 {[%clk 00:01:28]} {[%emt
00:00:01]} 30. Rc1 {[%clk 00:00:46]} {[%emt 00:00:11]} Kg7 {[%clk 00:01:18]}
{[%emt 00:00:12]} 31. g3 {[%clk 00:00:39]} {[%emt 00:00:09]} Qxa4 {[%clk
00:01:17]} {[%emt 00:00:03]} 32. Rb1 {[%clk 00:00:34]} {[%emt 00:00:08]} h6
{[%clk 00:01:16]} {[%emt 00:00:03]} 33. Qb2 {[%clk 00:00:29]} {[%emt 00:00:07]}
Qc4 {[%clk 00:01:10]} {[%emt 00:00:08]} 34. Qd2 {[%clk 00:00:25]} {[%emt
00:00:05]} Kg6 {[%clk 00:01:06]} {[%emt 00:00:06]} 35. Rc1 {[%clk 00:00:26]}
Qb3 {[%clk 00:01:07]} {[%emt 00:00:02]} 36. Rc3 {[%clk 00:00:26]} {[%emt
00:00:02]} Qb1+ {[%clk 00:01:07]} {[%emt 00:00:01]} 37. Rc1 {[%clk 00:00:27]}
{[%emt 00:00:01]} Qe4 {[%clk 00:01:08]} 38. Ra1 {[%clk 00:00:25]} {[%emt
00:00:05]} a6 {[%clk 00:01:09]} 39. Rf1 {[%clk 00:00:21]} {[%emt 00:00:05]} h5
{[%clk 00:01:07]} {[%emt 00:00:05]} 40. Qf2 {[%clk 00:00:19]} {[%emt 00:00:04]}
a5 {[%clk 00:01:07]} {[%emt 00:00:03]} 41. Qd2 {[%clk 00:00:20]} Rh7 {[%clk
00:00:53]} {[%emt 00:00:15]} 42. Qxa5 {[%clk 00:00:15]} {[%emt 00:00:08]} Qxe3+
{[%clk 00:00:54]} 43. Kg2 {[%clk 00:00:15]} {[%emt 00:00:01]} Qe4+ {[%clk
00:00:54]} {[%emt 00:00:03]} 44. Kg1 {[%clk 00:00:11]} {[%emt 00:00:06]} Qxd4+
{[%clk 00:00:55]} {[%emt 00:00:01]} 45. Kg2 {[%clk 00:00:12]} Qe4+ {[%clk
00:00:56]} 46. Kg1 {[%clk 00:00:13]} {[%emt 00:00:02]} Qxe5 {[%clk 00:00:57]}
47. Qd8 {[%clk 00:00:09]} {[%emt 00:00:06]} Qf6 {[%clk 00:00:54]} {[%emt
00:00:05]} 48. Qg8+ {[%clk 00:00:09]} {[%emt 00:00:03]} Rg7 {[%clk 00:00:55]}
{[%emt 00:00:01]} 49. Qe8+ {[%clk 00:00:09]} {[%emt 00:00:02]} Qf7 {[%clk
00:00:55]} {[%emt 00:00:01]} 50. Qc8 {[%clk 00:00:10]} {[%emt 00:00:01]} Kh7
{[%clk 00:00:53]} {[%emt 00:00:05]} 51. Re1 {[%clk 00:00:10]} {[%emt 00:00:02]}
Qd7 {[%clk 00:00:47]} {[%emt 00:00:07]} 52. Qxd7 Rxd7 {[%clk 00:00:48]} 53.
Rxe6 {[%clk 00:00:06]} d4 {[%clk 00:00:48]} {[%emt 00:00:03]} 54. Kf2 {[%clk
00:00:08]} d3 {[%clk 00:00:49]} {[%emt 00:00:02]} 55. Ke1 {[%clk 00:00:09]}
{[%emt 00:00:01]} d2+ {[%clk 00:00:50]} 56. Kd1 {[%clk 00:00:11]} Kg7 {[%clk
00:00:50]} {[%emt 00:00:02]} 57. Re5 {[%clk 00:00:09]} {[%emt 00:00:04]} Kf6
{[%clk 00:00:51]} {[%emt 00:00:01]} 58. Re2 {[%clk 00:00:10]} f4 {[%clk
00:00:52]} {[%emt 00:00:01]} 59. gxf4 {[%clk 00:00:10]} {[%emt 00:00:01]} gxf4
{[%clk 00:00:53]} 60. Rf2 {[%clk 00:00:11]} {[%emt 00:00:01]} Kf5 {[%clk
00:00:54]} 61. Rg2 {[%clk 00:00:12]} {[%emt 00:00:01]} Ke4 {[%clk 00:00:49]}
{[%emt 00:00:08]} 62. Rg5 {[%clk 00:00:05]} {[%emt 00:00:08]} h4 {[%clk
00:00:50]} {[%emt 00:00:01]} 63. Rg4 {[%clk 00:00:06]} {[%emt 00:00:01]} Ke3
{[%clk 00:00:47]} {[%emt 00:00:06]} 64. Rxh4 {[%clk 00:00:05]} {[%emt
00:00:03]} Rg7 {[%clk 00:00:46]} {[%emt 00:00:02]} 65. Rh3+ {[%clk 00:00:04]}
{[%emt 00:00:03]} f3 {[%clk 00:00:48]} 0-1